Základy videotechniky pre pracovníkov VTEI

Enregistré dans:
Détails bibliographiques
Auteur principal: Křečan, Zdeněk
Format: Livre
Langue:slovaque
Publié: Bratislava Slovenská technická knižnica 1988
Édition:1. vyd.
Tags: Ajouter un tag
Pas de tags, Soyez le premier à ajouter un tag!

MARC

LEADER 00000nam a2200000 4500
001 c035673
005 20221219093517.0
041 0 |a slo 
044 |a SK 
245 1 0 |a Základy videotechniky pre pracovníkov VTEI  |c Zdeněk Křečan 
250 |a 1. vyd. 
264 1 |a Bratislava  |b Slovenská technická knižnica  |c 1988 
300 |a 97 s. 
100 1 |a Křečan, Zdeněk